Zátišie s matkou (čierna vdovská záležitosť)

Podrobná bibliografia
Hlavný autor: Lavrík, Silvester, 1964- (Autor)
Médium: Článok
Jazyk:slovenčina
ISSN:0323-2883
Predmet:

MARC

LEADER 00000nab a2200000 a 4500
001 vtls000600051
003 SK-MaSNL
005 20260304095059.0
008 250425c1996 xo 0 slo
015 |a SNBRB19rr/mm-uuuuu 
035 |a CL0600190 
035 |a urn:nbn:sk:snk-abdpgf 
035 |a (urnnbn)urn:nbn:sk:snk:ar-0017xt 
035 |a (uuid)f02cdae0-9af1-46d6-b3ce-e0ea37acb13a 
040 |a SNKBUCL  |b slo  |c SNKBUCL  |e AACR2 
041 0 |a slo 
044 |a xo  |c SK 
080 |a 885.4-2  |2 1981 
100 1 |a Lavrík, Silvester,  |d 1964-  |4 aut 
245 1 0 |a Zátišie s matkou  |b (čierna vdovská záležitosť)  |c Silvo Lavrík 
650 0 7 |a divadelné hry  |2 snkbucl  |9 79680 
655 7 |a články z novín a časopisov  |2 snkbucl  |9 267496 
773 0 |t Javisko  |g Roč. 28, č. 10 (1996), s. I.-VII.  |x 0323-2883 
850 |a Slovenská národná knižnica 
852 |a Slovenská národná knižnica 
954 |a odborná, vedecká literatúra pôvodná (slovenská)  |2 lita 
958 |a article19 
958 |a OND 
958 |a SK 
958 |a LX 
958 |a RK 
958 |a EUIPO 
992 |a RBX 
999 |c 2830596  |d 2832526